| 000 | 00416nam a22001337a 4500 | ||
|---|---|---|---|
| 040 | _cNUST | ||
| 082 | _a200 THE | ||
| 100 |
_aMaryam Tufail _997395 |
||
| 110 |
_aSupervisor DR. Mojeeb bin Ihsan _997396 |
||
| 245 | _aTH-SOF-2020-Chemically Synthesized Cu2ZnSnS4 (CZTS) Thin Films for 2nd Generation Photovoltaics | ||
| 260 |
_aISLAMABAD: _bNUST COLLEGE OF EME, _c2022. |
||
| 650 | _aMS-ELECT-19 | ||
| 942 |
_2ddc _cTHE |
||
| 999 |
_c591047 _d591047 |
||